000 00854aab a2200205 i 4500
001 768714001
003 CO-MdFUSB
005 20240422090630.0
008 240419t1987 ag ||||| |||| 00| 0 spa d
040 _bspa
_cCO-MdFUSB
041 _aspa
100 1 _aBreneman, Mervin (1930-)
_eautor
245 4 _aLos énfasis de la predicación evangélica
_c/ Mervin Breneman
300 _aVolumen 6, número 4 (diciembre, 1987), páginas: 27 - 29
_c; 27 cm
520 _aEste artículo se basa en el libro profético del Antiguo Testamento de Pedro, ya que recalca la proclamación del mensaje de Dios. Se centra particularmente en la carta de 1 Pedro 1.10 - 2.10.
650 0 _aBiblia
_916
650 0 _aPredicación
_954
773 0 _tIglesia y Misión
_049402
_959679
_gVolumen 6, número 4 (diciembre, 1987), páginas: 27 - 29
_qpágina: 27
942 _cANA
999 _c51734
_d51734